|
|
|
|
| LEADER |
00000cam a2200000 7i4500 |
| 001 |
0000181240 |
| 005 |
20140902.0 |
| 020 |
|
|
|a 9781433989902
|
| 090 |
0 |
0 |
|a 921
|b SHE
|
| 100 |
1 |
|
|a Shea, Abigail
|
| 245 |
1 |
0 |
|a Victoria justice
|c Abigail Shea
|
| 260 |
|
|
|a New York :
|b Gareth Stevens Publishing ,
|c 2014
|
| 300 |
|
|
|a 32p. :
|b ill. ;
|c 23cm.
|
| 490 |
0 |
|
|a Rising stars
|
| 600 |
0 |
0 |
|a Justice, Victoria ,
|d 1993-
|x Juvenile literature
|
| 650 |
0 |
0 |
|a Actors
|z United States
|x Biography
|x Juvenile literature
|
| 650 |
0 |
0 |
|a Singers
|z United States
|x Biography
|x Juvenile literature
|
| 999 |
|
|
|a 00297263
|b BUKU
|c JUNIOR BOOKS
|e PERPUSTAKAAN KOMUNITI PETALING JAYA
|